000 00681nam a2200241 a 4500
001 000002012
005 20200120221753.0
008 990224s1986 ag gr 000 f spa d
020 _a9501505707
041 0 _a|spa
043 _a-s-ag---
090 _aAN
_bBACa
100 0 _aBach, Richard
245 1 0 _aAjeno a la tierra /
_cRichard Bach ; traducción Andrés Vergara.
260 _aBuenos Aires :
_bJavier Vergara,
_c1986.
300 _a277p. :
_bil. maps.
650 1 4 _aNovela adultos
650 1 4 _aLiteratura adultos
650 1 4 _aNovela estadounidense
650 1 4 _aAviones en la literatura
650 1 4 _aAviación en la literatura
700 1 _aVergara, Andrés,
_etr.
999 _c192
_d192